ბათუმის შოთა რუსთაველის სახელმწიფო უნივერსიტეტის ბიბლიოთეკა

Media and Politics in Japan / (ბიბ.ჩანაწერი № 63999)

000 -LEADER
fixed length control field 00650nam a22001697a 4500
005 - DATE AND TIME OF LATEST TRANSACTION
control field 20260306112355.0
008 - FIXED-LENGTH DATA ELEMENTS--GENERAL INFORMATION
fixed length control field 260306s1996 enk||||| |||| 00| 0 eng d
041 ## - LANGUAGE CODE
Language code of text/sound track or separate title eng
080 ## - UNIVERSAL DECIMAL CLASSIFICATION NUMBER
Universal Decimal Classification number 070:32:316.74(520) M-46
245 ## - TITLE STATEMENT
Title Media and Politics in Japan /
Statement of responsibility, etc. Edited by Susan J. Pharr, Ellis S. Krauss.
264 ## - PRODUCTION, PUBLICATION, DISTRIBUTION, MANUFACTURE, AND COPYRIGHT NOTICE
Place of production, publication, distribution, manufacture Honolulu :
Name of producer, publisher, distributor, manufacturer University of Hawaii Press,
Date of production, publication, distribution, manufacture, or copyright notice 1996.
300 ## - PHYSICAL DESCRIPTION
Extent 389 p.;
Other physical details 23 cm.
653 ## - INDEX TERM--UNCONTROLLED
keyword მედია და პოლიტიკა იაპონიაში
700 ## - ADDED ENTRY--PERSONAL NAME
Personal name Pharr, Susan J.
Relator term რედაქტორი
9 (RLIN) 27067
700 ## - ADDED ENTRY--PERSONAL NAME
Personal name Krauss, Ellis S.
Relator term რედაქტორი
9 (RLIN) 27068
942 ## - ADDED ENTRY ELEMENTS (KOHA)
Source of classification or shelving scheme
Koha item type წიგნი
ეგზემპლარები
Withdrawn status Lost status Source of classification or shelving scheme Damaged status Not for loan Permanent Location Current Location Shelving location Date acquired Cost, normal purchase price Full call number Barcode Date last seen Copy number Uniform Resource Identifier Price effective from Koha item type Public note
          ბათუმის შოთა რუსთაველის სახელმწიფო უნივერსიტეტის მთავარი ბიბლიოთეკა ბათუმის შოთა რუსთაველის სახელმწიფო უნივერსიტეტის მთავარი ბიბლიოთეკა წიგნსაცავი 2026-03-06 20.00 070:32:316.74(520) M-46 73888 2026-03-06 73888 იაპონიის ელჩის საჩუქარი 2026-03-06 წიგნი 20 ლ.